000 00316nam a22001337a 4500
008 171016b xxu||||| |||| 00| 0 eng d
020 _a0814726259
041 _aeng
080 _a33
100 _a52
101 _aECO
245 _aINDUSTRIAL ECONOMICS ISSUES AND PERSPECTIVES
_cFERGUSON.G.J
942 _2udc
_cBK
999 _c34039
_d34039